<?xml version="1.0" encoding="UTF-8"?>
<record
    xmlns:xsi="http://www.w3.org/2001/XMLSchema-instance"
    xsi:schemaLocation="http://www.loc.gov/MARC21/slim http://www.loc.gov/standards/marcxml/schema/MARC21slim.xsd"
    xmlns="http://www.loc.gov/MARC21/slim">

  <leader>00937nam a22001577a 4500</leader>
  <controlfield tag="003">OSt</controlfield>
  <controlfield tag="005">20160122102101.0</controlfield>
  <controlfield tag="008">160122b        xxu||||| |||| 00| 0 eng d</controlfield>
  <datafield tag="040" ind1=" " ind2=" ">
    <subfield code="c">RUA</subfield>
  </datafield>
  <datafield tag="082" ind1=" " ind2=" ">
    <subfield code="a">GRS KEM 2012 B368 Or.1</subfield>
  </datafield>
  <datafield tag="100" ind1=" " ind2=" ">
    <subfield code="9">6778</subfield>
    <subfield code="a">KEM, LY.</subfield>
  </datafield>
  <datafield tag="245" ind1=" " ind2=" ">
    <subfield code="a">Growth of mix-sex and sex-reversed fry in recirculation and hapa systems at aquafarm of royal university of agriculture (&#x1780;&#x17B6;&#x179A;&#x179B;&#x17BC;&#x178F;&#x179B;&#x17B6;&#x179F;&#x17CB;&#x179A;&#x1794;&#x179F;&#x17CB;&#x1780;&#x17BC;&#x1793;&#x178F;&#x17D2;&#x179A;&#x17B8;&#x1791;&#x17B8;&#x17A1;&#x17B6;&#x1796;&#x17D2;&#x1799;&#x17B6;&#x1792;&#x1798;&#x17D2;&#x1798;&#x178F;&#x17B6;&#x1793;&#x17B7;&#x1784;&#x1780;&#x17BC;&#x1793;&#x178F;&#x17D2;&#x179A;&#x17B8;&#x1791;&#x17B8;&#x17A1;&#x17B6;&#x1796;&#x17D2;&#x1799;&#x17B6;&#x17AF;&#x1780;&#x1797;&#x17C1;&#x1791;(&#x1788;&#x17D2;&#x1798;&#x17C4;&#x179B;)&#x1794;&#x17C6;&#x1794;&#x17C9;&#x1793;&#x1780;&#x17D2;&#x1793;&#x17BB;&#x1784;&#x17A2;&#x17B6;&#x1784;&#x1794;&#x17D2;&#x179A;&#x1796;&#x1793;&#x17D2;&#x1792;&#x17D0;&#x1785;&#x1798;&#x17D2;&#x179A;&#x17C4;&#x17C7;&#x1793;&#x17B7;&#x1784;&#x17A0;&#x17B6;&#x1794;&#x17C9;&#x17B6;&#x1780;&#x17D2;&#x1793;&#x17BB;&#x1784;&#x179F;&#x17D2;&#x179A;&#x17C7;&#x1793;&#x17C5;&#x179F;&#x17D2;&#x1790;&#x17B6;&#x1793;&#x17B8;&#x1799;&#x17CF;&#x1796;&#x17B7;&#x179F;&#x17C4;&#x1792;&#x1793;&#x17CF;&#x179F;&#x17B6;&#x1780;&#x179B;&#x179C;&#x17B7;&#x1791;&#x17D2;&#x1799;&#x17B6;&#x179B;&#x17D0;&#x1799;&#x1797;&#x17BC;&#x1798;&#x17B7;&#x1793;&#x17D2;&#x1791;&#x1780;&#x179F;&#x17B7;&#x1780;&#x1798;&#x17D2;&#x1798;)</subfield>
  </datafield>
  <datafield tag="260" ind1=" " ind2=" ">
    <subfield code="a">Phnom Penh</subfield>
    <subfield code="b">RUA</subfield>
    <subfield code="c">2012</subfield>
  </datafield>
  <datafield tag="300" ind1=" " ind2=" ">
    <subfield code="a">vii, 25p.</subfield>
    <subfield code="b">ill.</subfield>
    <subfield code="c">29cm.</subfield>
  </datafield>
  <datafield tag="942" ind1=" " ind2=" ">
    <subfield code="2">ddc</subfield>
    <subfield code="c">GRS</subfield>
  </datafield>
  <datafield tag="999" ind1=" " ind2=" ">
    <subfield code="c">6348</subfield>
    <subfield code="d">6348</subfield>
  </datafield>
  <datafield tag="952" ind1=" " ind2=" ">
    <subfield code="0">0</subfield>
    <subfield code="1">0</subfield>
    <subfield code="2">ddc</subfield>
    <subfield code="4">0</subfield>
    <subfield code="6">GRS_KEM_2012_000000000000000_B368_OR_1</subfield>
    <subfield code="7">0</subfield>
    <subfield code="9">35626</subfield>
    <subfield code="a">LBB</subfield>
    <subfield code="b">LBB</subfield>
    <subfield code="c">B368</subfield>
    <subfield code="d">2016-01-22</subfield>
    <subfield code="o">GRS KEM 2012 B368 Or.1</subfield>
    <subfield code="p">RUA44856</subfield>
    <subfield code="r">2016-01-22</subfield>
    <subfield code="w">2016-01-22</subfield>
    <subfield code="y">GRS</subfield>
  </datafield>
  <datafield tag="952" ind1=" " ind2=" ">
    <subfield code="0">0</subfield>
    <subfield code="1">0</subfield>
    <subfield code="2">ddc</subfield>
    <subfield code="4">0</subfield>
    <subfield code="6">GRS_KEM_2012_000000000000000_B368_OR_2</subfield>
    <subfield code="7">0</subfield>
    <subfield code="9">35627</subfield>
    <subfield code="a">LBB</subfield>
    <subfield code="b">LBB</subfield>
    <subfield code="c">B368</subfield>
    <subfield code="d">2016-01-22</subfield>
    <subfield code="o">GRS KEM 2012 B368 Or.2</subfield>
    <subfield code="p">RUA43995</subfield>
    <subfield code="r">2016-01-22</subfield>
    <subfield code="w">2016-01-22</subfield>
    <subfield code="y">GRS</subfield>
  </datafield>
  <datafield tag="952" ind1=" " ind2=" ">
    <subfield code="0">0</subfield>
    <subfield code="1">0</subfield>
    <subfield code="2">ddc</subfield>
    <subfield code="4">0</subfield>
    <subfield code="6">GRS_KEM_2012_000000000000000_B368_OR_3</subfield>
    <subfield code="7">0</subfield>
    <subfield code="9">35628</subfield>
    <subfield code="a">LBB</subfield>
    <subfield code="b">LBB</subfield>
    <subfield code="c">B368</subfield>
    <subfield code="d">2016-01-22</subfield>
    <subfield code="o">GRS KEM 2012 B368 Or.3</subfield>
    <subfield code="p">RUA41325</subfield>
    <subfield code="r">2016-01-22</subfield>
    <subfield code="w">2016-01-22</subfield>
    <subfield code="y">GRS</subfield>
  </datafield>
  <datafield tag="952" ind1=" " ind2=" ">
    <subfield code="0">0</subfield>
    <subfield code="1">0</subfield>
    <subfield code="2">ddc</subfield>
    <subfield code="4">0</subfield>
    <subfield code="6">GRS_KEM_2012_000000000000000_B368_OR_4</subfield>
    <subfield code="7">0</subfield>
    <subfield code="9">35629</subfield>
    <subfield code="a">LBB</subfield>
    <subfield code="b">LBB</subfield>
    <subfield code="c">B368</subfield>
    <subfield code="d">2016-01-22</subfield>
    <subfield code="o">GRS KEM 2012 B368 Or.4</subfield>
    <subfield code="p">RUA41501</subfield>
    <subfield code="r">2016-01-22</subfield>
    <subfield code="w">2016-01-22</subfield>
    <subfield code="y">GRS</subfield>
  </datafield>
  <datafield tag="952" ind1=" " ind2=" ">
    <subfield code="0">0</subfield>
    <subfield code="1">0</subfield>
    <subfield code="2">ddc</subfield>
    <subfield code="4">0</subfield>
    <subfield code="6">GRS_KEM_2012_000000000000000_B368_OR_5</subfield>
    <subfield code="7">0</subfield>
    <subfield code="9">35630</subfield>
    <subfield code="a">LBB</subfield>
    <subfield code="b">LBB</subfield>
    <subfield code="c">B368</subfield>
    <subfield code="d">2016-01-22</subfield>
    <subfield code="o">GRS KEM 2012 B368 Or.5</subfield>
    <subfield code="p">RUA41335</subfield>
    <subfield code="r">2016-01-22</subfield>
    <subfield code="w">2016-01-22</subfield>
    <subfield code="y">GRS</subfield>
  </datafield>
  <datafield tag="952" ind1=" " ind2=" ">
    <subfield code="0">0</subfield>
    <subfield code="1">0</subfield>
    <subfield code="2">ddc</subfield>
    <subfield code="4">0</subfield>
    <subfield code="6">GRS_KEM_2012_000000000000000_B368_OR_6</subfield>
    <subfield code="7">0</subfield>
    <subfield code="9">35631</subfield>
    <subfield code="a">LBB</subfield>
    <subfield code="b">LBB</subfield>
    <subfield code="c">B368</subfield>
    <subfield code="d">2016-01-22</subfield>
    <subfield code="o">GRS KEM 2012 B368 Or.6</subfield>
    <subfield code="p">RUA40857</subfield>
    <subfield code="r">2016-01-22</subfield>
    <subfield code="w">2016-01-22</subfield>
    <subfield code="y">GRS</subfield>
  </datafield>
  <datafield tag="952" ind1=" " ind2=" ">
    <subfield code="0">0</subfield>
    <subfield code="1">0</subfield>
    <subfield code="2">ddc</subfield>
    <subfield code="4">0</subfield>
    <subfield code="6">GRS_KEM_2012_000000000000000_B368_OR_7</subfield>
    <subfield code="7">0</subfield>
    <subfield code="9">35632</subfield>
    <subfield code="a">LBB</subfield>
    <subfield code="b">LBB</subfield>
    <subfield code="c">B368</subfield>
    <subfield code="d">2016-01-22</subfield>
    <subfield code="o">GRS KEM 2012 B368 Or.7</subfield>
    <subfield code="p">RUA41196</subfield>
    <subfield code="r">2016-01-22</subfield>
    <subfield code="w">2016-01-22</subfield>
    <subfield code="y">GRS</subfield>
  </datafield>
</record>
